Online Catalogue and eLibrary

The Lost continent : (Record no. 5679)

MARC details
000 -LEADER
fixed length control field 00433nam a2200169Ia 4500
005 - DATE AND TIME OF LATEST TRANSACTION
control field 20241028023159.0
008 - FIXED-LENGTH DATA ELEMENTS--GENERAL INFORMATION
fixed length control field 240331s9999 xx 000 0 und d
020 ## - INTERNATIONAL STANDARD BOOK NUMBER
ISBN 978006092008
082 ## - DDC Classification
Item Number - Author Mark BRY
Class No. 823
100 ## - MAIN ENTRY--PERSONAL NAME
Personal name Bryson,Bill
245 #4 - TITLE STATEMENT
Title The Lost continent :
Remainder of title Travels in Small - Town America
260 ## - PUBLICATION, DISTRIBUTION, ETC.
Place of publication, distribution, etc. New York
Name of publisher, distributor, etc. Harper Collins Publishers
Date of publication, distribution, etc. 1990
300 ## - PHYSICAL DESCRIPTION
Extent (e.g. Volumes, Pages etc.) 314 p .,
650 ## - SUBJECT ADDED ENTRY--TOPICAL TERM
Topical term or geographic name entry element Social
650 ## - SUBJECT ADDED ENTRY--TOPICAL TERM
Topical term or geographic name entry element Story
942 ## - Koha item type (Biblio)
Koha item type Books in Stacks (Lending)
Holdings
Lost status Damaged status Collection code Home library Current library Shelving location Date acquired Full call number Accession Number Item type
    Lending WERC Library WERC Library Social Science Cupboard 03/31/2024 823 BRY 6745 Books in Stacks (Lending)

© WERC Library